Normal view
MARC view
- MULTIMEDIA INTERACTIVA
Entry Materia
001 - NÚMERO DE CONTROL DEL REGISTRO
- campo de control: 4856
003 - IDENTIFICADOR DE NUMERO DE CONTROL
- campo de control: UPN
005 - FECHA Y HORA DE LA ÚLTIMA TRANSACCIÓN
- campo de control: 20210219193646.0
008 - DATOS DE LONGITUD FIJA
- campo de control de longitud fija: nabaccnnaabn|||||||||| b |nc|||||d
035 ## - NÚMERO DE CONTROL DEL SISTEMA
- Número de control del sistema: UPN10000004856
040 ## - FUENTE DE LA CATALOGACIÓN
- Lengua de catalogación: SPA
- Agencia de transcripción: UPN
150 ## - ENCABEZAMIENTO - TEMÁTICO
- Término de materia o nombre geográfico como elemento inicial: MULTIMEDIA INTERACTIVA
450 ## - VÉASE - MATERIA
- Encabezamiento temático: Hipermedia
450 ## - VÉASE - MATERIA
- Encabezamiento temático: Sistemas hipermedia
550 ## - VÉASE ADEMÁS - MATERIA
- Encabezamiento temático o nombre geográfico como elemento de entrada: SISTEMAS HIPERTEXTO
550 ## - VÉASE ADEMÁS - MATERIA
- Encabezamiento temático o nombre geográfico como elemento de entrada: VIDEO INTERACTIVO
670 ## - FUENTE EN LA QUE SE LOCALIZARON DATOS
- Cita de la fuente: A
680 ## - NOTA GENERAL CON DESPLIEGUE PÚBLICO
- Texto explicativo: Usase para las obras que contienen información que puede ser manipulada interactivamente por usuarios individuales a través del uso del software o de microprocesadores con capacidad. Los trabajos sobre sistemas de computador que integran y presentan diversos medios, tales como texto, gráficas, imágenes en movimento y audio, clasifíquelos bajo
- Encabezamiento: SISTEMAS MULTIMEDIA
- Texto explicativo: y la subdivision
- Encabezamiento: MULTIMEDIA INTERACTIVA
- Texto explicativo: bajo materias
902 ## - CATALOGADOR
- Catalogador: MMA/240402
